Statistics for All Super Bowl Winners Quiz (Hard Edition)

Click here to take the quiz!

General Stats

  • This quiz has been taken 32 times
    (5 since last reset)
  • The average score is 42 of 58

Answer Stats

Super BowlYearScoreFinalistChampion% Correct
I196735-10(Kansas City) Chiefs(Green Bay) Packers
100%
VIII197424-7(Minnesota) Vikings(Miami) Dolphins
100%
V197116-13(Dallas) Cowboys(Baltimore) Colts
75%
XXXV200134-7(New York) Giants(Baltimore) Ravens
75%
XX198646-10(New England) Patriots(Chicago) Bears
75%
XII197827-10(Denver) Broncos(Dallas) Cowboys
75%
XXVIII199430-13(Buffalo) Bills(Dallas) Cowboys
75%
XXVII199352-17(Buffalo) Bills(Dallas) Cowboys
75%
XXX199627-17(Pittsburgh) Steelers(Dallas) Cowboys
75%
VI197224-3(Miami) Dolphins(Dallas) Cowboys
75%
XXXIII199934-19(Atlanta) Falcons(Denver) Broncos
75%
XXXII199834-21(Green Bay) Packers(Denver) Broncos
75%
XXXI199735-21(New England) Patriots(Green Bay) Packers
75%
II196833-14(Oakland) Raiders(Green Bay) Packers
75%
XLI200729-17(Chicago) Bears(Indianapolis) Colts
75%
LIV202031-20(San Francisco) 49ers(Kansas City) Chiefs
75%
IV197023-7(Minnesota) Vikings(Kansas City) Chiefs
75%
LVIII202425-22(San Francisco) 49ers(Kansas City) Chiefs
75%
LVII202338-35(Philadelphia) Eagles(Kansas City) Chiefs
75%
XVIII198438-9(Washington) Redskins(Los Angeles) Raiders
75%
LVI202223-20(Cincinnati) Bengals(Los Angeles) Rams
75%
VII197314-7(Washington) Redskins(Miami) Dolphins
75%
LI201734-28(Atlanta) Falcons(New England) Patriots
75%
XXXVI200220-17(St. Louis) Rams(New England) Patriots
75%
XXXVIII200432-29(Carolina) Panthers(New England) Patriots
75%
XXXIX200524-21(Philadelphia) Eagles(New England) Patriots
75%
XLIV201031-17(Indianapolis) Colts(New Orleans) Saints
75%
XXI198739-20(Denver) Broncos(New York) Giants
75%
XLII200817-14(New England) Patriots(New York) Giants
75%
XXV199120-19(Buffalo) Bills(New York) Giants
75%
III196916-7(Baltimore) Colts(New York) Jets
75%
XI197732-14(Minnesota) Vikings(Oakland) Raiders
75%
XV198127-10(Philadelphia) Eagles(Oakland) Raiders
75%
XL200621-10(Seattle) Seahawks(Pittsburgh) Steelers
75%
IX197516-6(Minnesota) Vikings(Pittsburgh) Steelers
75%
XLIII200927-23(Arizona) Cardinals(Pittsburgh) Steelers
75%
XIII197935-31(Dallas) Cowboys(Pittsburgh) Steelers
75%
XIV198031-19(Los Angeles) Rams(Pittsburgh) Steelers
75%
XVI198226-21(Cincinnati) Bengals(San Francisco) 49ers
75%
XXIX199549-26(San Diego) Chargers(San Francisco) 49ers
75%
XXIV199055-10(Denver) Broncos(San Francisco) 49ers
75%
XXIII198920-16(Cincinnati) Bengals(San Francisco) 49ers
75%
XIX198538-16(Miami) Dolphins(San Francisco) 49ers
75%
XXXIV200023-16(Tennessee) Titans(St. Louis) Rams
75%
LV202131-9(Kansas City) Chiefs(Tampa Bay) Buccaneers
75%
XXXVII200348-21(Oakland) Raiders(Tampa Bay) Buccaneers
75%
XXVI199237-24(Buffalo) Bills(Washington) Redskins
75%
XXII198842-10(Denver) Broncos(Washington) Redskins
75%
XVII198327-17(Miami) Dolphins(Washington) Redskins
75%
XLVII201334-31(San Francisco) 49ers(Baltimore) Ravens
50%
L201624-10(Carolina) Panthers(Denver) Broncos
50%
XLV201131-25(Pittsburgh) Steelers(Green Bay) Packers
50%
XLIX201528-24(Seattle) Seahawks(New England) Patriots
50%
LIII201913-3(Los Angeles) Rams(New England) Patriots
50%
XLVI201221-17(New England) Patriots(New York) Giants
50%
LII201841-33(New England) Patriots(Philadelphia) Eagles
50%
X197621-17(Dallas) Cowboys(Pittsburgh) Steelers
50%
XLVIII201443-8(Denver) Broncos(Seattle) Seahawks
50%

Score Distribution

Percentile by Number Answered

Percent of People with Each Score

Your Score History

You have not taken this quiz since the last reset